000 02374nam0a22004811 4500
001 RU\NLR\BIBL_A\022101725
005 20251201175815.6
010 _a978-5-17-158304-0
_92000
021 _aRU
_bКН-П-23-074906
_9КН-П-23-7570
035 _a(NLR Aleph) 022101725
035 _a(RuMoRGB)012382484
090 _a12748648
_c12748648
100 _a20231222d2024 u y0rusy50 ca
101 0 _arus
_akor
102 _aRU
105 _aa|||j|||000yy
181 0 _ai
_baxxe
182 0 _an
200 1 _aКорейский язык
_eлучший самоучитель для начинающих
_e[методика "очень быстро"]
_fА. В. Ан
203 _aТекст
_bвизуальный
_cнепосредственный
210 _aМосква
_cLingua
_cАСТ
_d2024 (печ. 2023)
215 _a254 с.
_cтабл.
_d21
225 1 _aЭкспресс-самоучитель
333 _a12+
606 1 _aКорейский язык
_jУчебные издания для самообразования
_2nlr_sh2
_3RU\NLR\AUTH\66633831
675 _a811.531(075.4)
_v4
686 1 _aШ175.41-93рус8
700 1 _aАн
_bА. В.
_gАлександр Викторович
852 _aNLR
_bОЛСАА-кор
_j3-2215
856 4 _lVNP_SKP
_tVIEW
_uhttps://webservices.nlr.ru/viewer/file?name=a022101725_002.txt
_yАннотация
856 4 _lVNP_SKP
_tVIEW
_uhttps://webservices.nlr.ru/viewer/file?name=p022101725_003.jpg
_x001
_yСтраница
856 4 _lVNP_SKP
_tVIEW
_uhttps://webservices.nlr.ru/viewer/file?name=p022101725_004.jpg
_x002
_yСтраница
856 4 _lVNP_SKP
_tVIEW
_uhttps://webservices.nlr.ru/viewer/file?name=p022101725_005.jpg
_x003
_yСтраница
856 4 _lVNP_SKP
_tVIEW
_uhttps://webservices.nlr.ru/viewer/file?name=p022101725_006.jpg
_x004
_yСтраница
856 4 _lVNP_SKP
_tVIEW
_uhttps://webservices.nlr.ru/viewer/file?name=p022101725_007.jpg
_x005
_yСтраница
856 4 _lVNP_SKP
_tVIEW
_uhttps://webservices.nlr.ru/viewer/file?name=p022101725_008.jpg
_x006
_yСтраница
856 4 1 _lVNP_SKP
_tVIEW
_uhttps://webservices.nlr.ru/viewer/file?name=t022101725_001.jpg
_yОбложка
942 _cBOOK
980 4 _aVNP_SKP
980 1 _aKOR
980 _aNB